Normal view
MARC view
- Aziz Dar, Muhammad Talha
Entry Personal Name
001 - CONTROL NUMBER
- control field: 119867
003 - CONTROL NUMBER IDENTIFIER
- control field: NUST
005 - DATE AND TIME OF LATEST TRANSACTION
- control field: 20240108112932.0
008 - FIXED-LENGTH DATA ELEMENTS
- fixed length control field: 240108|| aca||aabn | a|a d
040 ## - CATALOGING SOURCE
- Original cataloging agency: NUST
- Transcribing agency: NUST
100 ## - HEADING--PERSONAL NAME
- Personal name: Aziz Dar, Muhammad Talha
670 ## - SOURCE DATA FOUND
- Source citation: Work cat.: (NUST): Aziz Dar, Muhammad Talha, Empirical Study and Analysis Of Manufacturing Industry in Pakistan to Improve Cycle Time /
